| 000 | 01277cam a22002657a 4500 | ||
|---|---|---|---|
| 003 | OSt | ||
| 005 | 20210929165003.0 | ||
| 008 | 001017m19979999ck a b f000 0 spa d | ||
| 020 | _a9588025133 | ||
| 040 |
_aCO-JMCR _cCO-JMCR |
||
| 041 | 0 | _aspa | |
| 082 | 0 | 4 |
_a338.064 / _bD419f _223 |
| 110 | 2 |
_aDepartamento Nacional de planeación _91612 |
|
| 245 | 1 | 3 |
_aEl futuro del sistema colombiano de innovación / _cDepartamento Nacional de Planeación |
| 260 |
_aBogotá, Colombia : _bDepartmento Nacional de Planeación-Colciencias, _c1998. |
||
| 300 |
_a309 páginas : _bilustraciones y gráficas en blanco y negro ; _c24 cm. |
||
| 500 | _aInformes finales Volumen II, notas a pie de página. | ||
| 504 | _aIncludes bibliographical references. | ||
| 505 | 1 | _aDesarrollo tecnológico y servicio de extensión. -- Intermediación entre el estado y el sector productivo. -- El sistema de metrología. -- El sistema de propiedad industrial. -- Financiamiento del desarrollo tecnológico. -- Inversión extranjera | |
| 650 | 1 | 4 |
_aInnovaciones tecnológicas _zColombia. _940873 |
| 650 | 2 | 4 |
_ainversión extranjera _zColombia _940874 |
| 650 | 2 | 4 |
_aDesarrollo tecnología _zColombia _940875 |
| 710 | 2 |
_aColombia. _bDepartmento Nacional de Planeación. _913022 |
|
| 942 |
_2ddc _cBK |
||
| 999 |
_c12541 _d12541 |
||